=LDR 00000nam 2200000 4500 =001 INLIS000000000020679 =005 20130612115620 =008 ***********************************Ind** =035 ##$$0010-061300000020679 =041 ##$$a Ind =082 ##$$a 510.7 =090 ##$$a 510.7, Rok m =100 ##$$a Rokhmad =245 ##$$a Matematika untuk kelas xi program ilmu alam (kelas 2 SMA/MA), Rochman =260 ##$$a 2005 $b Semarang =300 ##$$a vi, 318 hlm, ilus, 25 cm =650 ##$$a Matematika-Studi dan pengajaran =850 ##$$a NBPNMAT =990 ##$$a 0001/BPAP-NTB/20142015